000 00697nam a2200289Ia 4500
005 20260324133637.0
008 008 260324s9999 xx 000 0 eng d
020 _a9781315759906
037 _aEBOOK
040 _aCRL
040 _beng
040 _cCRL
041 _2eng
041 _aeng
084 _qCRL
100 _aSabine Fenton
_91193853
245 0 _aFor Better or for Worse
245 0 _bTranslation as a Tool for Change in the South Pacific
260 _bTaylor and Francis
260 _c2003
365 _a
365 _b62.99
856 _uhttp://www.taylorfrancis.com/books/9781315759906
942 _cEBOOK
999 _c1793126
_d1793126